00965nam a22002777a 45000010005000000030006000050050017000110080041000280200018000690400029000870500018001160820011001341000022001452450066001672500034002332600046002673000049003134900048003625050008004105200132004185210020005505210020005706500043005906500035006337000019006688476FISKH20250915121824.0250915b cb ||||| |||| 00| 0 eng d a9780789429612 aFISKHbengcFISKHdFISKH aTL789.U6 A667 a629.45 aWilkinson, Philip aSpacebusters : bThe race to the moon / cBy Philip Wilkinson aFirst American Edition, 1998  aNew York : bDK Publishing, INc., c1998. a48 pages : bcolor illustrations ;c23 cm .  aEyewitness Readers vLevel 3 Grade 2 and 3  aQ  aDescribes the voyage of Apollo 11, its three astronauts, and details of the mission that put the first man on the moon in 1969.8 a670 bLexile 8 aQ bRaz-Plus  a Space flight to the moonvNon-fiction aSpace explorationvNon-fiction aDennis, Peter